[Event "Tal Memorial"]
[Site "Moskau"]
[Date "2006.11.06"]
[Round "1"]
[White "Svidler, Peter"]
[Black "Leko, Peter"]
[Result "1/2-1/2"]
[WhiteElo "2750"]
[BlackElo "2741"]
[Annotator "Chess Tigers"]
[PlyCount "47"]
[EventDate "2006.11.06"]
[EventType "tourn"]
[EventRounds "9"]
[EventCountry "RUS"]
[EventCategory "20"]

1. e4 e5 2. Nf3 Nc6 3. Bb5 a6 4. Ba4 Nf6 5. O-O Be7 6. Re1 b5 7. Bb3 O-O 8. h3
Bb7 9. d3 Re8 10. Nc3 h6 11. a4 b4 12. Ne2 Na5 13. Ba2 Bf8 14. Ng3 d5 15. Bd2
Rb8 16. Qe2 c5 17. exd5 Bxd5 18. Bxd5 Nxd5 19. Qe4 Nc6 20. Nf5 Re6 21. Qg4 Kh8
22. Qc4 Na5 23. Qe4 Nc6 24. Qc4 1/2-1/2

[Event "Tal Memorial"]
[Site "Moskau"]
[Date "2006.11.07"]
[Round "2"]
[White "Leko, Peter"]
[Black "Grischuk, Alexander"]
[Result "1/2-1/2"]
[WhiteElo "2741"]
[BlackElo "2710"]
[Annotator "Chess Tigers"]
[PlyCount "126"]
[EventDate "2006.11.07"]
[EventType "tourn"]
[EventRounds "9"]
[EventCountry "RUS"]
[EventCategory "20"]

1. e4 c5 2. Nf3 d6 3. d4 cxd4 4. Nxd4 Nf6 5. Nc3 a6 6. f3 e6 7. Be3 b5 8. Qd2
b4 9. Na4 Nbd7 10. Bc4 Ne5 11. Bb3 Rb8 12. O-O Bd7 13. a3 a5 14. axb4 axb4 15.
f4 Nc6 16. e5 dxe5 17. fxe5 Nxe5 18. Bf4 Nc6 19. Bxb8 Qxb8 20. Rad1 Be7 21. Qf4
$5 O-O ({Die kritische Alternative lautet:} 21... Qxf4 $5 22. Rxf4 e5 23. Nxc6
exf4 24. Nxe7 Kxe7 25. Rd4 $13) 22. Qxb8 Rxb8 23. Nf3 Na5 24. Ne5 Bb5 25. Rfe1
h5 26. Nd3 Nxb3 27. cxb3 Nd5 28. Ne5 g5 29. Nf3 Nf4 30. Nd4 Bf6 31. Nxb5 Rxb5
32. Re4 Nd5 33. Rc1 Kg7 34. Rc2 Be7 35. Re1 h4 36. Rc6 Bf6 37. Re4 Be7 38. Re1
Nf4 39. Rc7 Bf6 40. g3 Nd5 41. Rc4 h3 42. Kf2 Be7 43. Re5 Kf6 44. Ree4 Kg6 45.
Red4 f5 46. Rc6 Kf7 47. Ke2 Nf6 48. Rc7 Re5+ 49. Kf1 Nd5 50. Rc1 Ne3+ 51. Kg1
Ng4 52. Rd2 Re3 53. Kf1 Rf3+ 54. Ke1 Re3+ 55. Kf1 Re5 56. Nb6 Rc5 57. Nc4 Kf6
58. Ra1 f4 59. gxf4 Rf5 60. Ke2 Rxf4 61. Kd3 Bc5 62. Re2 Rf3+ 63. Ke4 Rf4+
1/2-1/2

[Event "Tal Memorial"]
[Site "Moskau"]
[Date "2006.11.07"]
[Round "2"]
[White "Morozevich, Alexander"]
[Black "Carlsen, Magnus"]
[Result "1/2-1/2"]
[WhiteElo "2747"]
[BlackElo "2698"]
[Annotator "Chess Tigers"]
[PlyCount "90"]
[EventDate "2006.11.07"]
[EventType "tourn"]
[EventRounds "9"]
[EventCountry "RUS"]
[EventCategory "20"]

1. e4 c5 2. Nf3 Nc6 3. d4 cxd4 4. Nxd4 Nf6 5. Nc3 e5 6. Ndb5 d6 7. Bg5 a6 8.
Na3 b5 9. Nd5 Be7 10. Nxe7 Nxe7 11. Bd3 Nd7 12. c4 b4 13. Nc2 a5 14. Ne3 f6 15.
Bh4 O-O $1 16. O-O Nc5 17. f3 Be6 18. Re1 Qb8 19. Bf1 Kh8 20. Re2 Rc8 21. Rd2
Ra6 22. Rc1 Rac6 23. Bf2 Bf7 24. Nd5 Nxd5 25. cxd5 R6c7 26. Rdc2 Be8 27. b3 Bd7
28. g4 Kg8 29. Qe2 Nb7 30. Rxc7 Rxc7 31. Rxc7 Qxc7 32. Qa6 Nc5 33. Qa8+ Kf7 34.
h4 h6 35. Bc4 Be8 36. Be3 Ke7 37. g5 hxg5 38. hxg5 Kf7 39. Kg2 Ke7 40. Kg3 Kf7
41. Kg4 Ke7 42. Kh4 Kf7 43. Kh3 Ke7 44. Kg2 Kf7 45. Bd2 Qb6 1/2-1/2

[Event "Tal Memorial"]
[Site "Moskau"]
[Date "2006.11.07"]
[Round "2"]
[White "Mamedyarov, Shakhriyar"]
[Black "Aronian, Levon"]
[Result "1/2-1/2"]
[WhiteElo "2728"]
[BlackElo "2741"]
[Annotator "Chess Tigers"]
[PlyCount "135"]
[EventDate "2006.11.07"]
[EventType "tourn"]
[EventRounds "9"]
[EventCountry "RUS"]
[EventCategory "20"]

1. d4 Nf6 2. c4 e6 3. Nf3 d5 4. Nc3 Bb4 5. Bg5 Nbd7 6. cxd5 exd5 7. e3 c5 8.
Bd3 Qa5 9. Qc2 c4 10. Bf5 O-O 11. O-O Re8 12. Nd2 g6 13. Bxd7 Nxd7 14. f3 Nb6
15. Bf4 Bxc3 16. bxc3 Qa4 17. Qc1 Bf5 18. Re1 Qc6 19. Nf1 Bd3 20. Ng3 Re6 21.
Nh1 f6 22. h4 Rae8 23. Nf2 Qa4 24. Rd1 Kg7 25. Qb2 R8e7 26. Nxd3 cxd3 27. Rxd3
Nc4 28. Qf2 Rb6 29. Qg3 Rb2 30. e4 dxe4 31. fxe4 Rxe4 32. Rf1 Qd7 33. Rdf3 Ree2
34. R3f2 Qe7 35. Rxe2 Rxe2 36. a4 Ne3 37. Bxe3 Rxe3 38. Rf3 Rxf3 39. Qxf3 Qe1+
40. Kh2 Qxh4+ 41. Kg1 Qe1+ 42. Kh2 Qe7 43. c4 h5 44. c5 h4 45. Kh3 g5 46. Kg4
a5 47. Kh5 Qe8+ 48. Kg4 Qc8+ 49. Kh5 Qe8+ 50. Kg4 Qf7 51. Qf5 $6 (51. Qe4 $142
Kh6 52. d5 $11) 51... Qe7 52. Qf3 Kh6 $1 53. Qd5 Qc7 54. Kf5 Kg7 55. Kg4 Qc8+
56. Kf3 h3 (56... Qc6 57. Qxc6 bxc6 58. d5 Kf7 59. d6 $11) 57. gxh3 Qxh3+ 58.
Kf2 Qh2+ 59. Kf1 Qf4+ 60. Kg2 Qd2+ 61. Kg3 Qe3+ 62. Kg2 Qe2+ 63. Kg3 Qe7 64.
Kg4 Qc7 65. Qe4 Kf8 66. Qf5 Qc6 67. d5 Qxc5 68. Qxf6+ 1/2-1/2

[Event "Tal Memorial"]
[Site "Moskau"]
[Date "2006.11.10"]
[Round "4"]
[White "Shirov, Alexei"]
[Black "Aronian, Levon"]
[Result "0-1"]
[WhiteElo "2720"]
[BlackElo "2741"]
[Annotator "Chess Tigers"]
[PlyCount "116"]
[EventDate "2006.11.10"]
[EventType "tourn"]
[EventRounds "9"]
[EventCountry "RUS"]
[EventCategory "20"]

1. e4 e5 2. Nf3 Nc6 3. Bb5 a6 4. Ba4 Nf6 5. O-O Be7 6. Re1 b5 7. Bb3 O-O 8. c3
d5 9. exd5 Nxd5 10. Nxe5 Nxe5 11. Rxe5 c6 12. d4 Bd6 13. Re1 Qh4 14. g3 Qh3 15.
Re4 g5 16. Qf1 Qh5 17. Nd2 Bf5 18. f3 Nf6 19. a4 Nxe4 20. Nxe4 Qg6 21. Nxd6
Qxd6 22. Bxg5 Qg6 23. Qc1 Bd3 24. axb5 axb5 25. Rxa8 Rxa8 26. Kf2 Bc4 27. Bxc4
bxc4 28. g4 Re8 29. Bf4 Qd3 30. Kg3 Qe2 31. Qb1 Qe1+ 32. Qxe1 Rxe1 33. Bd6 Rg1+
34. Kf2 Rb1 35. Ba3 Kg7 36. Kg3 Kg6 37. h3 h5 38. Kh4 Rg1 39. Bc5 Rg2 40. Ba3
f6 41. gxh5+ Kf5 42. f4 Rg8 43. Bd6 Ke6 44. h6 (44. Bc5 Kf7 45. h6 Kg6) 44...
Kxd6 45. Kh5 f5 46. h7 Rh8 47. Kg6 Ke7 48. Kg7 Ke8 $1 49. Kg6 (49. Kxh8 Kf7 50.
h4 Kf8 51. h5 (51. d5 cxd5 52. h5 Kf7 53. h6 Kf8 54. b4 cxb3 55. c4 b2 56. cxd5
b1=Q 57. d6 Qb2#) 51... Kf7 52. h6 Kf8 53. d5 cxd5 54. b4 cxb3 55. c4 b2 56.
cxd5 b1=Q 57. d6 Qb2#) 49... Kf8 50. h4 Ke7 51. Kg7 Ke8 52. Kg6 Kf8 53. h5 Ke7
54. Kg7 Ke8 55. Kg6 Kf8 56. h6 Ke8 57. Kf6 Rxh7 58. Kg6 Rf7 0-1